Taller de mediación cultural para maestros y maestras costarricenses /
En esta propuesta de taller, se revisan los conceptos centrales asociados a la interculturalidad, la pedagogía intercultural y la mediación cultural para luego establecer cómo la capacitación de docentes puede hacer que la acogida de jóvenes extranjeros a las escuelas se lleve a cabo de una mejor m...
Bewaard in:
| Hoofdauteur: | |
|---|---|
| Andere auteurs: | |
| Formaat: | Texto |
| Onderwerpen: | |
| Tags: |
Voeg label toe
Geen labels, Wees de eerste die dit record labelt!
|
MARC
| LEADER | 00000 a a2200000 04500 | ||
|---|---|---|---|
| 001 | 13761 | ||
| 003 | |||
| 040 | |||
| 100 | |a Aguiar Montealegre, Tatiana | ||
| 245 | |a Taller de mediación cultural para maestros y maestras costarricenses / |c Tatiana Aguiar Montealegre ; Maurizia D'Antoni Fattori | ||
| 520 | |a En esta propuesta de taller, se revisan los conceptos centrales asociados a la interculturalidad, la pedagogía intercultural y la mediación cultural |a para luego establecer cómo la capacitación de docentes puede hacer que la acogida de jóvenes extranjeros a las escuelas se lleve a cabo de una mejor manera | ||
| 650 | |a RELACIONES INTERETNICAS | ||
| 650 | |a INTEGRACION CULTURAL | ||
| 650 | |a MEDIO ESCOLAR | ||
| 650 | |a INCLUSION SOCIAL | ||
| 650 | |a DOCENTES | ||
| 650 | |a ASIMILACION DE MIGRANTES | ||
| 650 | |a COSTA RICA | ||
| 700 | |a D'Antoni Fattori, Maurizia | ||
| 773 | |g volumen 87, número 1; páginas 113-126 | ||
| 999 | |c 40126 |d 40126 | ||
